| 000 | 01867cam a22003737a 4500 | ||
|---|---|---|---|
| 999 |
_c3540 _d3540 |
||
| 001 | 13016243 | ||
| 003 | OSt | ||
| 005 | 20190820132255.0 | ||
| 008 | 021129s2000 enkab b 001 0 eng d | ||
| 010 | _a 2002726945 | ||
| 015 | _aGBA0-Y0894 | ||
| 020 | _a1853836990 | ||
| 035 | _a(OCoLC)ocm43969026 | ||
| 040 |
_aUKM _cUKM _dC#P _dAGL _dWAU _dKUT _dDLC |
||
| 042 | _apcc | ||
| 050 | 0 | 0 |
_aGE140 _b.R66 2000 |
| 070 | 0 |
_aGE140 _b.R66 2000 |
|
| 072 | 0 | _aP000 | |
| 082 | 0 | 4 |
_a333.95 _221 _bROO 2000 |
| 100 |
_aEdited by Alexander Wood, Pamela Stedman-Edwards, and Johanna Mang. _912846 |
||
| 245 | 0 | 4 | _aThe Root causes of Biodiversity loss |
| 260 |
_aLondon ; _bEarthscan, _c2000. |
||
| 300 |
_axvi, 399 p. : _bill., maps ; _c24 cm. |
||
| 500 | _a"WWF." | ||
| 504 | _aIncludes bibliographical references (p. [378]-389) and index. | ||
| 505 | 0 | _aAn emerging consensus on biodiversity loss -- A framework for analysing biodiversity loss -- Ten case studies: an overview -- Main findings and conclusions of the Root Causes Project -- Recommendations on addressing the root causes of biodiversity loss -- Brazil: Cerrado -- Cameroon: bushmeat and wildlife trade -- China: south-western forests -- Danube River basin: wetlands and floodplains -- India: Chilika Lake -- Mexico: Calakmul Biosphere Reserve -- Pakistan: mangroves -- Philppines: Cebu, Negros, and Palawan -- Tanzania: Rufiji, Ruvu, and Wami mangroves -- Vietnam: North and Central Highlands. | |
| 650 | 0 |
_aEnvironmental degradation. _97904 |
|
| 650 | 0 |
_aBiodiversity. _91737 |
|
| 710 | 2 |
_aWorld Wide Fund for Nature. _97909 |
|
| 856 | 4 | 2 |
_3Contributor biographical information _uhttp://www.loc.gov/catdir/enhancements/fy1111/2002726945-b.html |
| 906 |
_a7 _bcbc _ccopycat _d2 _encip _f20 _gy-gencatlg |
||
| 942 |
_2ddc _cSLOAN |
||